00837nam a2200157 a 4500008004100000020001500041041000800056100001800064245004000082250004000122260003500162300001100197500007800208505037900286655001400665161215t2003 ag |||g |||| 00| 1 spa d a9504909760 aspa1 aCoelho, Paulo 3aLa quinta montaña /cPaulo Coelho a2a ed.bTraducción Monserrat Mira aBuenos Aires:bPlaneta;c2003. a256 p. aCohelo, P. (2003). La quinta montaña. (2a ed.). Buenos Aires : Planeta. aEn un mundo regido por supersticiones, conflictos religiosos y tradiciones profundamente arraigadas, el joven profeta Elías deberá enfrentarse a una avalancha de acontecimientos que le conducirán a un definitivo cara a cara con Dios. Paulo Coelho, el escritor brasileño más vendido de nuestros días, nos sorprende con una novela tan fascinante como inolvidable.  aNarrativa